Colombia 2026 FIFA World Cup Squad - Statistics

General Stats
  • This quiz has been taken 44 times
  • The average score is 11 of 27
Answer Stats
# Position Player % Correct
© MF James Rodríguez
90%
FW Luis Díaz
84%
GK David Ospina
77%
DF Davinson Sánchez
71%
DF Santiago Arias
68%
MF Jhon Arias
61%
MF Jefferson Lerma
58%
DF Yerry Mina
55%
FW Luis Suárez
52%
MF Richard Ríos
52%
DF Daniel Muñoz
48%
DF Johan Mojica
45%
FW Jhon Córdoba
42%
DF Jhon Lucumí
39%
GK Camilo Vargas
32%
FW Cucho Hernández
32%
Manager Néstor Lorenzo
26%
DF Deiver Machado
23%
MF Juan Fernando Quintero
23%
FW Andrés Gómez
19%
MF Kevin Castaño
19%
GK Álvaro Montero
16%
DF Willer Ditta
16%
MF Jaminton Campaz
13%
MF Jorge Carrascal
13%
MF Gustavo Puerta
10%
MF Juan Portilla
6%
No matching quizzes found
Score Distribution
Percent of People with Each Score
Percentile by Number Answered
Your Score History
You have not taken this quiz